00587nam a22001817a 450000500170000001000170001702000260003402000230006003500170008303700170010008200160011710000210013324500650015426000430021927000990026230000260036150000180038720140217150952.0 aB-495442-447 a9798121209334c720.00 a8121209331c720.00 aB-495442-447 adplbBBB/VEN a230.8095431 aPrasad, P.V.R.K. aWhen I saw Triupati Balaji:cby P.V.R.K.Prasadbnaaham karta aNew DelhibGyan Publishing housec2012 a23, main Ansari road, DaryaganjbNew Delhie110002k23282060l01123285914mbooks@gyanbooks.com a333p.billc20cm(pbk) ainclude index